Revista Universitaria : (Record no. 21716)

000 -CABECERA
fixed length control field 02038nam a22002897a 4500
003 - IDENTIFICADOR DEL NÚMERO DE CONTROL
control field AR-CdUCM
008 - DATOS DE LONGITUD FIJA--INFORMACIÓN GENERAL
fixed length control field 190425b ||||| |||| 00| 0 spa d
040 ## - FUENTE DE LA CATALOGACIÓN
Agencia/entidad que catalogó originalmente la obra MUNICIPALIDAD PROVINCIAL DEL CUSCO
Entidad que transcribió la catalogación BIBLIOTECA MUNICIPAL DEL CUSCO
082 ## - NÚMERO DE LA CLASIFICACIÓN DECIMAL DEWEY
No. de Clasificación Rev.Univ/N°64/1933
Notacion interna Rev.Univ/N°64/1933
No. de la edición 1° trimestre 1933
110 ## - ENTRADA PRINCIPAL--NOMBRE DE ENTIDAD CORPORATIVA
Nombre de la institución, jurisdicción como entrada principal Universidad Nacional de San Antonio Abad del Cusco
9 (RLIN) 15942
245 ## - MENCIÓN DE TÍTULO
Título Revista Universitaria :
Resto del título Órgano de la Universidad del Cuzco /
260 ## - PUBLICACIÓN, DISTRIBUCIÓN, ETC.
Lugar de publicación, distribución, etc. Cusco :
Nombre de la editorial, distribuidor, etc. H. G. Rozas,
Fecha de publicación, distribución, etc. 1933.
300 ## - DESCRIPCIÓN FÍSICA
Nº de Páginas Extensión 200 páginas. :
Dimensiones 20 cm.
440 ## - MENCIÓN DE SERIE/PUNTO DE ACCESO ADICIONAL--TÍTULO
Título Revista Universitaria
Número de la parte/sección de una obra Año XXII, 1° trimestre 1933, N°64
9 (RLIN) 45840
505 ## - NOTA DE CONTENIDO CON FORMATO
Nota de contenido formateada Contenido: Discurso de orden pronunciado en la apertura del presente año académico. -- Dos botanistas españoles del siglo XVI. Fortunato L. Herrera. -- Estudios sobre bromatología americana. Felipe Urquieta. -- Estudios sobre la Flora del departamento del Cuzco diversos herbarios. Fortunato L. Herrera. -- Humanización del Arte. Domingo Velasco Astete. -- En el país de los incas por J. Squier. -- La cátedra de medicina legal. Miguel A. Nieto. -- Festividades del tiempo heroico del Cuzco. Carlos A. romero. -- Las Chullpas de Sillustani. Uriel García. -- Las ruinas de Piquillaccta y la leyenda de la princesa Sumaccttica. Luis A. Pardo. -- Helechos de la Convención río Alto Urubamba. Christian Bues. -- Breve estudio sobre la tribu Bora de la comarca de los ríos Putumayo y Caquetá. Augusto Jimenez Seminario. -- Discurso pronunciado a nombre de la universidad en el acto de sepelio de los restos del que fue Rafael Paredes. -- canjes y publicaciones recibidas.<br/><br/>
650 ## - PUNTO DE ACCESO ADICIONAL DE MATERIA--TÉRMINO DE MATERIA
Descriptor Botánica cusqueña
9 (RLIN) 45807
650 ## - PUNTO DE ACCESO ADICIONAL DE MATERIA--TÉRMINO DE MATERIA
Descriptor Bromatología
9 (RLIN) 45841
650 ## - PUNTO DE ACCESO ADICIONAL DE MATERIA--TÉRMINO DE MATERIA
Descriptor Pueblos indígenas
9 (RLIN) 6988
650 ## - PUNTO DE ACCESO ADICIONAL DE MATERIA--TÉRMINO DE MATERIA
Descriptor Bora
9 (RLIN) 45842
650 ## - PUNTO DE ACCESO ADICIONAL DE MATERIA--TÉRMINO DE MATERIA
Descriptor Centros arqueológicos
9 (RLIN) 3230
650 ## - PUNTO DE ACCESO ADICIONAL DE MATERIA--TÉRMINO DE MATERIA
Descriptor Piquillaqta
9 (RLIN) 45843
650 ## - PUNTO DE ACCESO ADICIONAL DE MATERIA--TÉRMINO DE MATERIA
Descriptor Sillustani
9 (RLIN) 32391
650 ## - PUNTO DE ACCESO ADICIONAL DE MATERIA--TÉRMINO DE MATERIA
Descriptor Leyenda Sumaq T´ika
9 (RLIN) 45844
710 ## - PUNTO DE ACCESO ADICIONAL--NOMBRE DE ENTIDAD CORPORATIVA
Nombre corporativo (En letras Mayúsculas) Universidad Nacional de San Antonio Abad del Cusco
9 (RLIN) 15942
942 ## - ELEMENTOS DE PUNTO DE ACCESO ADICIONAL (KOHA)
Fuente de clasificación
Tipo de item Revistas cusqueñas
945 ## - PROCESAMIENTO DE INFORMACIÓN LOCAL (OCLC)
Catalogador rac
Holdings
Estado de retiro (separado) Fuente de clasificación o esquema de estanterías Estado dañado Ubicación Sala donde se ubica Nombre de la colección Fecha de adquisición o compra Costo, precio normal en soles Signatura topográfica Código de Barras Última vez visto (Koha) Tipo de ítem (Koha)
No     Sala Hemeroteca Sala Hemeroteca Book Cart 2021-04-14 10.00 Rev.Univ/N°64/1933 REVC000047 2021-04-14 Revistas cusqueñas
No     Sala Hemeroteca Sala Hemeroteca Book Cart 2021-04-14 10.00 Rev.Univ/N°64/1933/e.2 REVC000048 2021-04-16 Revistas cusqueñas

Powered by Koha